000 00396nam a2200145Ia 4500
008 231129s1999||||xx |||||||||||||| ||spa||
020 _a84-8265-097-X
040 _bspa
082 _a891.73 D722ju
100 _aDostoievsky Feodor
245 0 _aEl jugador
260 _c1999
264 _aMadrid EspaƱa: Club Internacional del Libro
942 _2ddc
_cBKS
999 _c11421
_d11421